Digitálne zvukové efekty
Salvato in:
| Autore principale: | |
|---|---|
| Altri autori: | |
| Natura: | Manoscritto Libro |
| Lingua: | slovacco |
| Pubblicazione: |
Bratislava :
STU v Bratislave FEI,
2025
|
| Soggetti: | |
| Accesso online: | https://opac.crzp.sk/?fn=detailBiblioFormChildKECO05&sid=8D80AD18777FCC7F6FB6B14DC29E&seo=CRZP-detail-kniha |
| Tags: |
Nessun Tag, puoi essere il primo ad aggiungerne!!
|
MARC
| LEADER | 00000ntm a22000003a 4500 | ||
|---|---|---|---|
| 001 | stuzp101790 | ||
| 003 | SK-STU | ||
| 005 | 20260128135503.5 | ||
| 007 | ta | ||
| 008 | 150427s2015----xo-----f-mn---000-0-slo-d | ||
| 040 | |a STU |b slo | ||
| 041 | 0 | |a slo | |
| 044 | |a xo | ||
| 100 | 1 | |a Chovanec, Matej |u 033000 |4 aut |U FEI Fakulta elektrotechniky a informatiky |T FEI Ústav elektroniky a fotoniky |X 120723 |U E030 |Y 549 |7 120723 | |
| 242 | 0 | 1 | |a Digital audio effects |y eng |
| 245 | 1 | 0 | |a Digitálne zvukové efekty |
| 260 | |a Bratislava : |b STU v Bratislave FEI, |c 2025 | ||
| 300 | |a 94 s. | ||
| 650 | 4 | |a Digitálne spracovanie zvuku |2 slo | |
| 650 | 4 | |a Digitálne zvukové efekty |2 slo | |
| 650 | 4 | |a Vibrato |2 slo | |
| 650 | 4 | |a Flanger |2 slo | |
| 650 | 4 | |a Chorus |2 slo | |
| 650 | 4 | |a ADT |2 slo | |
| 650 | 4 | |a Digital audio processing |2 eng | |
| 650 | 4 | |a Digital audio effects |2 eng | |
| 650 | 4 | |a Vibrato |2 eng | |
| 650 | 4 | |a Flanger |2 eng | |
| 650 | 4 | |a Chorus |2 eng | |
| 650 | 4 | |a ADT |2 eng | |
| 700 | 1 | |a Kubinec, Peter |u 033000 |k Z1 |4 ths |U FEI Fakulta elektrotechniky a informatiky |T FEI Ústav elektroniky a fotoniky |X 2052 |U E030 |Y 549 |7 A000002052 | |
| 856 | 4 | |u https://opac.crzp.sk/?fn=detailBiblioFormChildKECO05&sid=8D80AD18777FCC7F6FB6B14DC29E&seo=CRZP-detail-kniha | |